| 000 | 003930000a22001450004500 | ||
|---|---|---|---|
| 041 | 0 | _aSPA | |
| 082 | 0 | 4 | _aG 863 A481u |
| 100 | 1 | _aAmado, Jorge (1912-) | |
| 245 | 1 | 0 | _aUniforme, casaca, camisón : Fábula para encender una esperanza / Jorge Amado; Estela Dos Santos, Traductor |
| 250 | _a2 | ||
| 260 | _aBuenos Aires, Argentina : Losada | ||
| 300 | _a254 Pag | ||
| 001 | 11018 | ||
| 942 | _cBK | ||
| 999 |
_c40391 _d40391 |
||